Analiza działań promocyjnych podejmowanych przez gospodarstwa agroturystyczne na Pomorzu Środkowym / (Rekord nr 8118)
| 000 -ETYKIETA REKORDU | |
|---|---|
| podpole kontrolne o stałej długości | 00921nab a22002057i 4500 |
| 003 - IDENTYFIKATOR NUMERU KONTROLNEGO REKORDU | |
| podpole kontrolne | KOSZ 005 |
| 005 - DATA OSTATNIEJ MODYFIKACJI REKORDU | |
| podpole kontrolne | 20170403124448.0 |
| 008 - POLE O STAŁEJ DŁUGOŚCI - DANE KONTROLNE | |
| podpole kontrolne o stałej długości | 160308s2010 pl ||||| ||||0|| 0 pol |
| 035 ## - NUMER SYSTEMOWY | |
| Numer systemowy przejętego rekordu | PBN-R:248449 |
| 040 ## - ŹRÓDŁO KATALOGOWANIA | |
| Instytucja, która utworzyła rekord | KOSZ 005/md |
| Instytucja, która sporządziła opis | PBN-ID |
| 041 0# - KOD JĘZYKA | |
| Kod języka tekstu | pol |
| 100 ## - NAZWA OSOBOWA | |
| Nazwa osobowa | BORZYSZKOWSKI, Jacek. |
| Lata pracy | 1999 - . |
| Instytucja | Politechnika Koszalińska - Instytut Ekonomii i Zarządzania, |
| Wydział | Zakład Turystyki |
| 245 10 - TYTUŁ/ODPOWIEDZIALNOŚĆ | |
| Tytuł | Analiza działań promocyjnych podejmowanych przez gospodarstwa agroturystyczne na Pomorzu Środkowym / |
| Pozostałe elementy strefy tytułu i oznaczenia odpowiedzialności | Jacek Borzyszkowski, Mirosław Marczak. |
| 260 ## - STREFA ADRESU WYDAWNICZEGO | |
| Data publikacji, dystrybucji/powstania dokumentu | 2010. |
| 650 #0 - HASŁO PRZEDMIOTOWE W FORMIE NAZWY OGÓLNEJ LUB JEDNOSTKOWEJ | |
| Nazwa ogólna lub geograficzna | Ekonomia. |
| 650 #0 - HASŁO PRZEDMIOTOWE W FORMIE NAZWY OGÓLNEJ LUB JEDNOSTKOWEJ | |
| Nazwa ogólna lub geograficzna | Economics. |
| 700 ## - HASŁO DODATKOWE - NAZWA OSOBOWA | |
| Nazwa osobowa | MARCZAK, Mirosław. |
| Lata pracy | 1998 - . |
| Instytucja | Politechnika Koszalińska - Instytut Ekonomiii i Zarządzania, |
| Wydział | Zakład Turystyki |
| 773 08 - TYTUŁ DOKUMENTU MACIERZYSTEGO | |
| Wyrażenie wprowadzające | W : |
| Tytuł | Acta Scientiarum Polonorum. Seria: Oeconomia. - |
| Adres wydawniczy | Wydawnictwo SGGW w Warszawie |
| Informacje dotyczące relacji | 2010, nr 9(4), s. 295-303 |
| ISSN | 1644-0757 |
| 942 ## - HASŁO DODATKOWE - ELEMENTY(KOHA) | |
| Typ dokumentu | Artykuł |
| Schemat klasyfikacji | Uniwersalna klasyfikacja dziesiętna |
Brak dostępnych egzemplarzy.
